Associe la taille aux choses #1 - Statistiques

Statistiques générales
  • Ce quiz a été pris 226 fois
  • Le résultat moyen est 3 sur 15
Statistiques - réponses
Hint Réponse % Correct
Hauteur du Burj Khalifa 828 m
50%
Hauteur de la Tour Eiffel 300 m
45%
Longueur la plus grande d'une baleine bleue 30 m
28%
Point le plus haut du Portugal 1993 m
26%
Hauteur de l'Empire State Building 381 m
22%
Hauteur de l’Arc de triomphe 49 m
22%
Hauteur du mont Saint-Michel 157 m
19%
Longueur de la plus grande pizza 40 m
17%
Hauteur de la plus grande grande roue 250 m
15%
Hauteur de la Tour du CN 553 m
15%
Point le plus haut des Îles Nauru 71 m
14%
Plus long train du monde 1906 m
13%
Circonférence du Colisée de Rome 545 m
9%
Largeur du Vatican 850 m
9%
Hauteur du Mont Saint-Anne 803 m
6%
Aucun quiz correspondant
Distribution des résultats
% des personnes avec chaque résultat
Percentile par nombre de réponses
Votre historique - résultats
Vous n’avez pas pris ce quiz